000 00263nam a2200085Ia 4500
245 0 _aSafety management : the challenge of change
100 _a Hale, Andrew R. , 1944- Bingley, 1998 1st ed
_985974
942 _cBK
008 210817s9999 xx 000 0 und d
999 _c324491
_d324490